000 00879nam a22002537a 4500
001 583
005 20230627113849.0
008 230619b cb ||||| |||| 00| 0 eng d
020 _a9780545496711
040 _aFISKH
_beng
050 _aQL737.C
082 _a599.53
100 _aRoop, Peter
245 _aBaby dolphin's first day
260 _aNew York :
_bScholastic.
_c2011.
300 _a32 pages :
_c23 cm
505 _aE
520 _aWhat does a baby dolphin do on the day it is born? He swims, he whistles, he jumps, he naps, he escapes a shark, and he follows his mother through the beautiful blue sea. This easy reader brings children along on his new adventures and teaches them about these highly intelligent animals!
521 _a310
_bLexile
521 _aE
_bRaz-Plus
650 _aDolphins
700 _aRoop, Connie
_eAuthor
942 _2lcc
_cBK
_n0
999 _c583
_d583